000 00255nam a2200121Ia 4500
082 _a615.1
_bP10K
100 _aKAR, ASHUTOSH
245 _aPHARMACEUTICAL ANALYSIS, VOL. -I
260 _bCBS- DELHI
300 _a212
650 _aANATOMY
942 _2ddc
_cBK
999 _c7208
_d7208